Wszyscy kandydaci na prezydenta Polski od 1990 roku - Statystyki

Ogólne statystyki
  • Ten quiz został rozwiązany 131 razy
  • Średni wynik to 35 z 66
Statystyki odpowiedzi
Rok kandydowania Imię i nazwisko % Poprawnych
2015, 2020 Andrzej Sebastian Duda
99%
2020, 2025 Rafał Kazimierz Trzaskowski
98%
2010 Jarosław Aleksander Kaczyński
97%
2005 Lech Aleksander Kaczyński
97%
1990, 1995, 2000 Lech Wałęsa
96%
2025 Magdalena Agnieszka Biejat
96%
2015, 2025 Grzegorz Michał Braun
95%
1995, 2000, 2005, 2010, 2015 Janusz Ryszard Korwin-Mikke
95%
2025 Sławomir Jerzy Mentzen
94%
2025 Adrian Tadeusz Zandberg
93%
2010, 2015 Bronisław Maria Komorowski
93%
2020, 2025 Szymon Franciszek Hołownia
93%
1995, 2000 Aleksander Kwaśniewski
92%
2025 Krzysztof Jakub Stanowski
92%
2025 Joanna Senyszyn
90%
2025 Maciej Maciak
88%
2020, 2025 Marek Jakubiak
88%
2020 Krzysztof Bosak
87%
2005 Donald Franciszek Tusk
86%
2025 Karol Tadeusz Nawrocki
85%
2025 Marek Marian Woch
83%
2025 Artur Bartoszewicz
75%
2015 Magdalena Agnieszka Ogórek
73%
2020 Władysław Marcin Kosiniak-Kamysz
73%
2015 Paweł Piotr Kukiz
72%
1990, 2005 Stanisław Tymiński
68%
2015, 2020 Paweł Jan Tanajno
65%
2020 Robert Biedroń
65%
1995, 2000, 2005, 2010 Andrzej Zbigniew Lepper
63%
1995, 2010 Waldemar Pawlak
61%
2020 Stanisław Józef Żółtek
58%
1990 Tadeusz Mazowiecki
58%
1990 Włodzimierz Cimoszewicz
49%
2000, 2010 Andrzej Marian Olechowski
48%
2015 Janusz Marian Palikot
48%
2010 Grzegorz Bernard Napieralski
45%
2015 Adam Sebastian Jarubas
40%
2000 Marian Krzaklewski
39%
2015 Marian Janusz Kowalski
37%
2020 Mirosław Mariusz Piotrowski
36%
1995 Hanna Beata Gronkiewicz-Waltz
35%
2000, 2005 Jarosław Kalinowski
34%
2010 Kornel Andrzej Morawiecki
34%
2020 Waldemar Włodzimierz Witkowski
32%
2015 Jacek Wilk
28%
1995, 2005 Leszek Henryk Bubel
28%
1995 Jan Ferdynand Olszewski
27%
2005 Marek Stefan Borowski
27%
1995 Jacek Jan Kuroń
24%
1990 Robert Leszek Moczulski
24%
2010 Marek Jurek
23%
1990 Roman Bolesław Bartoszcze
22%
2005 Adam Andrzej Słomka
21%
2010 Bogusław Zbigniew Ziętek
21%
2005 Henryk Teodora Bochniarz
16%
1995 Jan Stefan Pietrzak
16%
2000 Jan Edward Łopuszański
15%
2000 Tadeusz Adam Wilecki
14%
2005 Liwiusz Marian Ilasz
13%
1995 Tadeusz Zieliński
13%
2005 Jan Pyszko
12%
2000 Bogdan Pawłowski
11%
1995 Kazimierz Wojciech Piotrowicz
11%
2000 Piotr Igor Ikonowicz
11%
2000 Dariusz Maciej Grabowski
8%
1995 Tadeusz Koźluk
7%
Nie znaleziono quizów pasujących do podanych kryteriów
Rozkład punktacji
Procent ludzi z każdym wynikiem
Percentyl według liczby udzielonych odpowiedzi
Twoja historia wyników
Nie rozwiązałeś tego quizu